Information and Randomness : An Algorithmic Perspective /

Guardado en:
Bibliografiske detaljer
Hovedforfatter: Calude, Cristian S. (autor)
Format: Bog
Sprog:engelsk
Udgivet: Berlín, Alemania : Springer, 2002, c2002
Udgivelse:2a edición
Serier:(EATCS Series)
(Texts in Theoretical Computer Science)
Fag:
Tags: Tilføj Tag
Ingen Tags, Vær først til at tagge denne postø!

MARC

LEADER 00000nam^a2200000^a^4500
001 000156915
005 20250521000000.0
009 20260310100521.669
020 |a 3-540-43466-6 
037 |a Acervo ITESO - Biblioteca 
041 |a ING 
082 |a 511. 8  |b CAL 
100 |a Calude, Cristian S.  |e (autor) 
245 1 0 |a Information and Randomness :  |b An Algorithmic Perspective /  |c C.S. Calude ; pról. de Gregory J. Chaitin, Arto Salomaa. 
250 |a 2a edición  |b revisada y aumentada 
264 4 |a Berlín, Alemania :  |b Springer,  |c 2002, c2002 
300 |a XX, 467 p. 
336 |a texto  |b txt  |2 rdacontenido 
337 |a sin mediación  |b n  |2 rdamedio 
338 |a volumen  |b nc  |2 rdasoporte 
440 1 |a (EATCS Series) 
440 1 |a (Texts in Theoretical Computer Science) 
649 |a XX 
650 |a Algoritmos 
650 |a Aleatoriedad 
650 |a Teoría de Recursión 
650 |a Análisis Numérico 
650 |a Sistemas Computacionales 
650 |a Ingeniería Computacional 
650 |a Topología 
650 |a Matemáticas de Ingeniería 
650 |a Matemáticas 
910 |a Fondo General 
920 |a Impresos - Libros 
930 |a Colección General 
905 |a 101 
901 |a 0500084017  |b IT1  |c ACC  |u 20250521 
902 |a https://opac.biblio.iteso.mx/vufind/Record/000156915